• 首页
  • 本馆介绍
  • 公告通知
  • 最新文献
  • 馆藏检索
  • 电子资源
  • 读者导购
  • 参考咨询
  • 我的图书馆
  • 登录
  • 详细信息显示
  • 放入我的书架
  • 预约/预借图书
  • 作者相关作品
  • 分类相关作品
  • 丛书相关作品
  • 出版社相关作品

书目信息

  • 表格格式
  • 工作单格式
  • 卡片格式
题名:
发明传奇
    
 
作者: 刘仁庆 著
分册:  
出版信息: 太原   山西教育出版社  2013
页数: 359页
开本: 22cm
丛书名:
单 册:
中图分类: N19
科图分类:
主题词: 创造发明--世界--普及读物 , 创造发明
电子资源:
ISBN: 978-7-5440-5894-0
000 00813nam0 2200253 450
001 5568
005 20180528211637.08
010    @a978-7-5440-5894-0@dCNY23.00
090    @aN1@blrq
100    @a20140429d2013 demy0chiy50 ea
101 0  @achi
102    @aCN@b140000
105    @aa z 000yy
200 1  @a发明传奇@9fa ming chuan qi@dThe legend of invention@f刘仁庆著@zeng
210    @a太原@c山西教育出版社@d2013
215    @a359页@c图@d22cm
330    @a本书收入了82篇短文,从日常生活出发,按照吃、穿、用、住、玩的次序,用讲故事的方式和浅显文字,再配以生动插图,来介绍其中的小发明。
510 1  @aLegend of invention@zeng
606 0  @a创造发明@y世界@j普及读物
606 0  @a创造发明
690    @aN19@v5
701  0 @a刘仁庆@9liu ren qing@4著
801  0 @aCN@bNLC@c20140429
905    @aMuseLib@dN19@e128
    
    发明传奇=The legend of invention/刘仁庆著.-太原:山西教育出版社,2013
    359页:图;22cm
    
    
    ISBN 978-7-5440-5894-0:CNY23.00
    本书收入了82篇短文,从日常生活出发,按照吃、穿、用、住、玩的次序,用讲故事的方式和浅显文字,再配以生动插图,来介绍其中的小发明。
●
相关链接 在E读中查询图书 在五车中查询图书 在当当中查询图书 在豆瓣中查询图书


正题名:发明传奇     索取号:N19/128         预约/预借

序号 登录号 条形码 馆藏地/架位号 状态 备注
1 1113803   211138035   第二样本阅览室/ [索取号:N19/128] 在馆    
2 1113804   211138044   教育系资料室/ [索取号:N19/128] 在馆    
3 1113805   211138053   教育系资料室/ [索取号:N19/128] 在馆    
4 1113806   211138062   第三借阅区/ [索取号:N19/128] 在馆    
唐山师范学院图书馆 欢迎您!
大连网信软件有限公司© 版权所有